000
00314nam a22001217a 4500
008
230605b xxu||||| |||| 00| 0 eng d
082
_a
328.5456
_b
MAL
110
_b
Lok Sabha Secretariant
_d
2004
245
_a
Sir Speaks
_b
Selected speeches of Manohar Joshi
260
_a
New delhi
300
_a
503p
942
_2
ddc
_c
BK
999
_c
350
_d
350